Amar vikas (Record no. 28185)

MARC details
000 -LEADER
fixed length control field 00467nam a22001457a 4500
005 - DATE AND TIME OF LATEST TRANSACTION
control field 20090711135946.0
008 - FIXED-LENGTH DATA ELEMENTS--GENERAL INFORMATION
fixed length control field 090711t xxu||||| |||| 00| 0 eng d
245 ## - TITLE STATEMENT
Title Amar vikas
260 ## - PUBLICATION, DISTRIBUTION, ETC. (IMPRINT)
Place of publication, distribution, etc Mumbai
Name of publisher, distributor, etc Amar Chitra Katha
Date of publication, distribution, etc 2009-
300 ## - PHYSICAL DESCRIPTION
Extent v.
Dimensions 26 cm
310 ## - CURRENT PUBLICATION FREQUENCY
Current publication frequency monthly
270 ## - ADDRESS
Address 14, Marthanda, 84, Dr. Annie Besant Road, Worli
City Mumbai
Postal code 400018
942 ## - ADDED ENTRY ELEMENTS (KOHA)
Source of classification or shelving scheme Dewey Decimal Classification
Item type Periodicals
Serial record 1
Holdings
Withdrawn status Lost status Source of classification or shelving scheme Damaged status Not for loan Collection code Home library Current library Date acquired Total Checkouts Date last seen Price effective from Koha item type
    Dewey Decimal Classification   Not For Loan Non-fiction D.B.Act.Division D.B.Act.Division 11/07/2009   11/07/2009 11/07/2009 Periodicals

© Delhi Public Library
Hit Counter
free hit counter